Love, Aubrey / (Record no. 2521)

MARC details
000 -LEADER
fixed length control field 01212cam a2200349 a 4500
005 - DATE AND TIME OF LATEST TRANSACTION
control field 20231214104126.0
020 ## - INTERNATIONAL STANDARD BOOK NUMBER
International Standard Book Number 9780385737746 (trade)
020 ## - INTERNATIONAL STANDARD BOOK NUMBER
International Standard Book Number 0385737742 (trade)
020 ## - INTERNATIONAL STANDARD BOOK NUMBER
International Standard Book Number 9780545336796
020 ## - INTERNATIONAL STANDARD BOOK NUMBER
International Standard Book Number 9780385906869
020 ## - INTERNATIONAL STANDARD BOOK NUMBER
International Standard Book Number 0385906862 (lib. bdg.)
040 ## - CATALOGING SOURCE
Original cataloging agency DLC
Transcribing agency DLC
Modifying agency IG#
-- BTCTA
-- ZPX
-- FN4
-- EHH
-- UPZ
-- VP@
-- DLC
Language of cataloging eng
050 00 - LIBRARY OF CONGRESS CALL NUMBER
Classification number PZ7.L1422
Item number Lov 2009
082 00 - DEWEY DECIMAL CLASSIFICATION NUMBER
Classification number 813.6
Edition number 22
100 1# - MAIN ENTRY--PERSONAL NAME
Personal name LaFleur, Suzanne M.
245 10 - TITLE STATEMENT
Title Love, Aubrey /
Statement of responsibility, etc. Suzanne LaFleur
250 ## - EDITION STATEMENT
Edition statement First Scholastic printing, January 2011
260 ## - PUBLICATION, DISTRIBUTION, ETC.
Place of publication, distribution, etc. New York :
Name of publisher, distributor, etc. Scholastic,
Date of publication, distribution, etc. 2009
300 ## - PHYSICAL DESCRIPTION
Extent 262 pages ;
Dimensions 22 cm
505 ## - FORMATTED CONTENTS NOTE
Formatted contents note K
520 ## - SUMMARY, ETC.
Summary, etc. While living with her Gram in Vermont, eleven-year-old Aubrey writes letters as a way of dealing with losing her father and sister in a car accident, and then being abandoned by her grief-stricken mother.
521 1# - TARGET AUDIENCE NOTE
Target audience note 570
Source Lexile
521 2# - TARGET AUDIENCE NOTE
Target audience note K
Source Raz-Plus
650 #1 - SUBJECT ADDED ENTRY--TOPICAL TERM
Topical term or geographic name entry element Abandoned children
Form subdivision Fiction.
650 #1 - SUBJECT ADDED ENTRY--TOPICAL TERM
Topical term or geographic name entry element Grief
Form subdivision Fiction.
650 #1 - SUBJECT ADDED ENTRY--TOPICAL TERM
Topical term or geographic name entry element Grandmothers
Form subdivision Fiction.
650 #1 - SUBJECT ADDED ENTRY--TOPICAL TERM
Topical term or geographic name entry element Letters
Form subdivision Juvenile fiction.
650 #1 - SUBJECT ADDED ENTRY--TOPICAL TERM
Topical term or geographic name entry element Depression, Mental
Form subdivision Fiction.
906 ## - LOCAL DATA ELEMENT F, LDF (RLIN)
a 7
b cbc
c orignew
d 1
e ecip
f 20
g y-gencatlg
942 ## - ADDED ENTRY ELEMENTS (KOHA)
Source of classification or shelving scheme Dewey Decimal Classification
Koha item type Books
Suppress in OPAC No
999 ## -
-- 2521
-- 2521
Holdings
Withdrawn status Lost status Source of classification or shelving scheme Damaged status Not for loan Collection Home library Current library Shelving location Date acquired Total Checkouts Full call number Barcode Date last seen Price effective from Koha item type
    Dewey Decimal Classification     Fiction Footprints International School Library Network Toul Kork Campus Footprints International School Library Network Toul Kork Campus   12/13/2023   LAF 813.6 PZ7.L1422 FIS04033 12/13/2023 12/13/2023 Books